[Event "EuTCh w"]
[Site "Plovdiv BUL"]
[Date "2003.10.14"]
[Round "4"]
[White "Ionescu,I"]
[Black "Andersson,C"]
[Result "0-1"]
[WhiteElo "2327"]
[BlackElo "2169"]
[EventDate "2003.10.10"]

1. e4 e6 2. d3 d5 3. Nd2 Nf6 4. Ngf3 dxe4 5. dxe4 Bc5 6. Be2 O-O 7. O-O Nc6
8. c3 a5 9. Qc2 Qe7 10. e5 Nd7 11. Qe4 f5 12. exf6 Nxf6 13. Qh4 e5 14. Bd3
Bg4 15. Ng5 h6 16. Bc4+ Kh8 17. Nge4 Nxe4 18. Qxe7 Rxf2 19. Qxg7+ Kxg7 20.
Nxe4 Rxf1+ 21. Kxf1 Rf8+ 22. Ke1 Bg1 23. h3 Bf5 24. Nd2 e4 25. Bd5 Bh2 26.
Nf1 Bd6 27. Bxc6 bxc6 28. Be3 Be6 29. b3 a4 30. Nd2 Bg3+ 31. Kd1 Kg6 32.
Kc2 Ra8 33. b4 Rd8 34. Bd4 Bf5 35. Kd1 Re8 36. Ke2 Re7 37. a3 e3 38. Bxe3
Be5 39. Rc1 Rd7 40. Nf3 Bf6 41. Nd4 Be4 42. g3 Rd5 43. Ne6 Kf7 44. Nc5 Bg2
45. h4 Rf5 46. Bxh6 Be5 47. g4 Bf3+ 48. Ke3 Bxg4 49. Rg1 Bh5 50. Nxa4 Bf6
51. Bg5 Re5+ 52. Kd2 Re2+ 53. Kd3 Be5 54. Nc5 Ra2 55. Re1 Bd6 56. Ne4 Be5
57. Bc1 Bg6 58. Kc4 Rc2 59. Kb3 Rg2 60. a4 Kg7 61. Ng5 Bc2+ 62. Ka3 Bxc3
63. Re3 Ba1 64. a5 Bb1 65. Ne6+ Kf7 66. Ng5+ Kf8 67. Ne6+ Kf7 68. Nf4 Rc2
69. Ne2 Ba2 70. b5 cxb5 71. a6 Bc4 72. a7 Ra2+ 73. Kb4 Rxa7 74. Rf3+ Kg7
75. Nf4 Bd4 76. Ne6+ Bxe6 77. Kxb5 Bd5 78. Rg3+ Kf7 79. Bd2 c6+ 80. Kb4
Rb7+ 81. Ka4 Bc5 82. Ba5 Rb2 0-1

[Event "EuTCh w"]
[Site "Plovdiv BUL"]
[Date "2003.10.14"]
[Round "4"]
[White "Sirletti,S"]
[Black "Bosboom Lanchava,T"]
[Result "0-1"]
[WhiteElo "2071"]
[BlackElo "2315"]
[EventDate "2003.10.10"]

1. d4 g6 2. c4 d6 3. Nc3 Bg7 4. e4 e5 5. dxe5 dxe5 6. Qxd8+ Kxd8 7. Be3 Be6
8. Rd1+ Nd7 9. Nf3 f6 10. c5 Bh6 11. Bxh6 Nxh6 12. b4 c6 13. Nd2 a5 14. Bc4
Ke7 15. Bxe6 Kxe6 16. a3 axb4 17. axb4 Ra3 18. Rc1 Nb8 19. b5 Nd7 20. bxc6
bxc6 21. Ke2 Nxc5 22. Ncb1 Ra5 23. Nc4 Ra2+ 24. Ke3 Ng4+ 25. Kf3 f5 26.
Nbd2 Nd3 27. Rcf1 h5 28. exf5+ gxf5 29. h3 e4+ 30. Ke2 Nf4+ 31. Kd1 Ne5 32.
Nxe5 Kxe5 33. Nc4+ Kd4 34. Ne3 Kc3 35. Nc2 0-1

[Event "EuTCh w"]
[Site "Plovdiv BUL"]
[Date "2003.10.14"]
[Round "4"]
[White "Peng Zhaoqin"]
[Black "Costantini,L"]
[Result "1-0"]
[WhiteElo "2438"]
[BlackElo "2075"]
[EventDate "2003.10.10"]

1. d4 c5 2. d5 e6 3. Nc3 Nf6 4. e4 exd5 5. exd5 d6 6. Nf3 a6 7. a4 g6 8.
Be2 Bg7 9. O-O O-O 10. h3 Nbd7 11. Bf4 Qc7 12. Nd2 Ne8 13. Nc4 Ne5 14. Na3
Rb8 15. Qd2 Bd7 16. Rfd1 f5 17. Bf1 Kh8 18. Bh6 Nf6 19. Bxg7+ Kxg7 20. Re1
Rfe8 21. a5 b5 22. axb6 Rxb6 23. f4 Nf7 24. Nc4 Rxe1 25. Qxe1 Rb4 26. Rxa6
Bb5 27. Nxb5 Rxb5 28. Rc6 Qa7 29. Kh2 Ne4 30. Bd3 Rb4 31. b3 Qe7 32. Bxe4
fxe4 33. Qc3+ Kh6 34. g4 g5 35. Rc7 1-0

[Event "EuTCh w"]
[Site "Plovdiv BUL"]
[Date "2003.10.14"]
[Round "4"]
[White "Lematschko,T"]
[Black "Krivec,J"]
[Result "0-1"]
[WhiteElo "2292"]
[BlackElo "2313"]
[EventDate "2003.10.10"]

1. e4 e5 2. Nf3 Nc6 3. Bb5 a6 4. Ba4 Nf6 5. O-O Be7 6. Re1 b5 7. Bb3 d6 8.
c3 O-O 9. h3 Nb8 10. d4 Nbd7 11. Nbd2 Bb7 12. Bc2 Re8 13. Nf1 Bf8 14. Ng3
g6 15. a4 c5 16. d5 c4 17. Be3 Qc7 18. Qd2 h5 19. Ra3 Nc5 20. Rea1 Be7 21.
Bg5 Nh7 22. Bxe7 Qxe7 23. Qh6 Rab8 24. axb5 axb5 25. Ra5 Bc8 26. Qe3 Kh8
27. Ra7 Qf6 28. Rc7 Re7 29. Rca7 Rxa7 30. Rxa7 Bd7 31. h4 Qd8 32. Nxe5 Kg8
33. Nf3 Ra8 34. Ra3 Rxa3 35. bxa3 Qa8 36. Qc1 Nf6 37. Nd4 Qa5 38. Qb2 Ng4
39. Qb4 Qa6 40. f4 Ne3 41. Qb2 Nxc2 42. Nxc2 Nd3 43. Qa1 Nxf4 44. Nd4 Nd3
45. Nge2 Qa4 46. g3 Nc5 47. Qc1 Nxe4 48. Kh2 Qa8 49. Nf4 Nf6 50. Qb2 Nxd5
51. Qg2 Nc7 52. Qxa8+ Nxa8 53. Nd5 Kg7 54. Ne2 Be6 55. Nef4 Bxd5 56. Nxd5
f6 57. Kg2 Kf7 58. Kf3 Ke6 59. Ke4 g5 60. Kd4 gxh4 61. gxh4 Kf5 62. Ke3 Ke5
63. Ne7 Nc7 64. Kf3 Ke6 65. Nc6 Kd5 66. Nd4 Kc5 67. Ke3 Nd5+ 68. Kd2 0-1

[Event "EuTCh w"]
[Site "Plovdiv BUL"]
[Date "2003.10.14"]
[Round "4"]
[White "Kaps,D"]
[Black "Roelli,C"]
[Result "1-0"]
[WhiteElo "2202"]
[BlackElo "2017"]
[EventDate "2003.10.10"]

1. e4 c5 2. Nf3 e6 3. d4 cxd4 4. Nxd4 a6 5. Bd3 Nf6 6. O-O d6 7. a4 b6 8.
Be3 Bb7 9. Nd2 Nbd7 10. f4 Be7 11. Qf3 O-O 12. Qh3 Qc7 13. g4 Nc5 14. b4
Nxd3 15. cxd3 Qc3 16. Rab1 Qa3 17. g5 Nd7 18. Rb3 Qxa4 19. Nb1 Nb8 20. b5
axb5 21. Nc3 Qa5 22. Ndxb5 d5 23. Nc7 Bc5 24. exd5 exd5 25. d4 Nc6 26. dxc5
d4 27. Nxa8 Qxa8 28. Nd5 dxe3 29. Rxe3 bxc5 30. Qh4 Nd4 31. Ne7+ Kh8 32.
Qxh7+ 1-0

[Event "EuTCh w"]
[Site "Plovdiv BUL"]
[Date "2003.10.14"]
[Round "4"]
[White "Sikorova,O"]
[Black "Koskela,N"]
[Result "0-1"]
[WhiteElo "2241"]
[BlackElo "2280"]
[EventDate "2003.10.10"]

1. e4 e5 2. Bc4 Bc5 3. Nc3 Nf6 4. d3 c6 5. Nf3 d6 6. O-O Bb6 7. Bb3 O-O 8.
Ne2 Nbd7 9. c3 Re8 10. Ng3 Nf8 11. Bg5 h6 12. Be3 d5 13. Qe2 Ng6 14. Rad1
Bc7 15. h3 a5 16. a4 b6 17. Qd2 Kh7 18. Qc1 c5 19. d4 exd4 20. cxd4 Bxg3
21. fxg3 c4 22. e5 Ne4 23. Bc2 Nxg3 24. Rf2 Bf5 25. Bxf5 Nxf5 26. Ng5+ hxg5
27. Rxf5 f6 28. exf6 gxf6 29. Rdf1 Rf8 30. Qd1 Kg7 31. Qh5 Qe7 32. R5f3 Qe4
33. Rg3 Rae8 34. Kh2 Rh8 35. Qe2 Re6 36. Qf2 Rf8 37. Re1 Rfe8 38. Rf1 Rf8
39. Re1 Ree8 40. Rf1 Nh4 41. Kh1 Kg6 42. Bc1 Qe2 43. Kh2 Qxf2 44. Rxf2 Nf5
45. Rg4 Re4 46. Rxe4 dxe4 47. Re2 Nd6 48. g4 f5 49. gxf5+ Rxf5 50. Be3 b5
51. axb5 Rxb5 52. Bf2 a4 53. Be1 Rb3 54. Rc2 Rd3 55. Bg3 Nf5 56. Be5 e3 57.
Kg1 Rd1+ 0-1

[Event "EuTCh w"]
[Site "Plovdiv BUL"]
[Date "2003.10.15"]
[Round "5"]
[White "Danielian,E"]
[Black "Stefanova,A"]
[Result "1/2-1/2"]
[WhiteElo "2400"]
[BlackElo "2497"]
[EventDate "2003.10.10"]

1. d4 d5 2. c4 c6 3. cxd5 cxd5 4. Nc3 Nf6 5. Nf3 Nc6 6. Bf4 Ne4 7. e3 Nxc3
8. bxc3 g6 9. Be2 Bg7 10. O-O O-O 11. c4 dxc4 12. Bxc4 a6 13. Rc1 Bf5 14.
h3 Be4 15. Nd2 Bd5 16. Bxd5 Qxd5 17. Nc4 Rae8 1/2-1/2

[Event "EuTCh w"]
[Site "Plovdiv BUL"]
[Date "2003.10.15"]
[Round "5"]
[White "Zhukova,N"]
[Black "Skripchenko,A"]
[Result "1-0"]
[WhiteElo "2452"]
[BlackElo "2460"]
[EventDate "2003.10.10"]

1. d4 e6 2. c4 c5 3. d5 exd5 4. cxd5 d6 5. Nc3 g6 6. e4 a6 7. a4 Bg7 8. f3
Ne7 9. Bd3 Nd7 10. Nge2 Ne5 11. Bc2 f5 12. O-O O-O 13. Rb1 h6 14. b4 b6 15.
Kh1 Kh8 16. f4 Nd7 17. Ba3 fxe4 18. Nxe4 Nf5 19. Qd2 Nf6 20. Nxf6 Bxf6 21.
a5 cxb4 22. Bxb4 bxa5 23. Bxa5 Qe7 24. Rfe1 Qg7 25. Rb6 Kh7 26. Bxf5 Bxf5
27. Ng3 Rab8 28. Rxd6 Rb2 29. Qe3 Bd4 30. Qa3 Qb7 31. Rc6 Rf7 32. Nxf5 gxf5
33. Qd6 Bf6 34. Qe6 Rb5 35. Qxf5+ Kg7 36. Rxf6 Rxf6 37. Bc3 Qb6 38. h3 Kf7
39. Qh7+ Kf8 40. Qe7+ 1-0

[Event "EuTCh w"]
[Site "Plovdiv BUL"]
[Date "2003.10.15"]
[Round "5"]
[White "Vasiliev,Olg"]
[Black "Nill,J"]
[Result "0-1"]
[WhiteElo "2189"]
[BlackElo "2265"]
[EventDate "2003.10.10"]

1. e4 c5 2. Nf3 e6 3. d4 cxd4 4. Nxd4 Nc6 5. Nc3 Qc7 6. Be2 a6 7. O-O Nf6
8. a4 Bb4 9. Bg5 Bxc3 10. Bxf6 gxf6 11. bxc3 Ne7 12. Qd2 b6 13. Qh6 Ng6 14.
Nf5 Bb7 15. Ng7+ Ke7 16. Bd3 Qf4 17. Qh3 h5 18. Be2 Qg5 19. Nxh5 Nf4 20.
Nxf4 Rxh3 21. Nxh3 Qh6 22. f3 Qe3+ 23. Rf2 Qxc3 24. Rb1 Qxc2 25. Rxb6 Qc1+
26. Bf1 Bc6 27. Rb4 Qa3 28. Rbb2 Qxa4 29. Ra2 Qd4 30. Rxa6 Rb8 31. Raa2 Rb1
32. Rad2 Qe3 33. Rde2 Qd4 34. Rd2 Qc3 35. Rc2 Rxf1+ 36. Rxf1 Qxc2 37. Nf2
f5 38. exf5 Qxf5 39. h3 Qc5 40. Rd1 Qe3 41. h4 Qf4 42. Ng4 Qg3 43. Rd3 Qe1+
44. Kh2 Qxh4+ 45. Kg1 f5 46. Nf2 Bb5 47. Rd1 d5 48. Nh3 Qb4 49. Kh2 d4 50.
Nf4 d3 0-1

[Event "EuTCh w"]
[Site "Plovdiv BUL"]
[Date "2003.10.15"]
[Round "5"]
[White "Yildiz,B"]
[Black "Foisor,C"]
[Result "0-1"]
[WhiteElo "2131"]
[BlackElo "2398"]
[EventDate "2003.10.10"]

1. d4 g6 2. e4 Bg7 3. Nf3 d6 4. Bd3 Nd7 5. Nbd2 e5 6. c3 Ngf6 7. O-O O-O 8.
dxe5 dxe5 9. Qe2 Nh5 10. Nc4 b6 11. Rd1 Qe7 12. a4 Bb7 13. Bc2 Rad8 14. a5
Nc5 15. axb6 Rxd1+ 16. Bxd1 axb6 17. Bc2 Nf4 18. Bxf4 exf4 19. Re1 Ba6 20.
Nfd2 b5 21. Na5 b4 22. Qf3 bxc3 23. bxc3 Qe5 24. Nb1 Re8 25. Nc6 Qg5 26.
Rd1 Bb7 27. Na5 Ba8 28. Nc4 f5 29. Nbd2 fxe4 30. Nxe4 Bxe4 31. Bxe4 Nxe4
0-1

[Event "EuTCh w"]
[Site "Plovdiv BUL"]
[Date "2003.10.15"]
[Round "5"]
[White "Motoc,A"]
[Black "Cinar,N"]
[Result "1/2-1/2"]
[WhiteElo "2363"]
[BlackElo "2084"]
[EventDate "2003.10.10"]

1. d4 Nf6 2. c4 c5 3. d5 b5 4. cxb5 a6 5. bxa6 g6 6. Nc3 Bxa6 7. e4 Bxf1 8.
Kxf1 d6 9. g3 Bg7 10. Kg2 Nbd7 11. Nf3 O-O 12. Re1 Ra6 13. h3 Qa8 14. a4
Rb8 15. Ra3 Ne8 16. Nb5 Nb6 17. b3 Qb7 18. Nd2 Nc7 19. Nxc7 Qxc7 20. Qc2
Ra7 21. f4 Qb7 22. Nc4 Nxc4 23. Qxc4 Qb4 24. Qxb4 Rxb4 25. Bd2 Rd4 26. Bc3
Rd3 27. Bxg7 Kxg7 28. Kf2 c4 29. Re3 Rxb3 30. Rexb3 cxb3 31. Rxb3 Rxa4 32.
Kf3 f5 33. e5 dxe5 34. fxe5 Re4 35. e6 Rd4 36. Rb7 Rxd5 37. Rxe7+ Kf6 38.
Rxh7 1/2-1/2

[Event "EuTCh w"]
[Site "Plovdiv BUL"]
[Date "2003.10.15"]
[Round "5"]
[White "Seps,M"]
[Black "Machalova,M"]
[Result "1/2-1/2"]
[WhiteElo "2068"]
[BlackElo "2187"]
[EventDate "2003.10.10"]

1. b3 e5 2. Bb2 d6 3. g3 g6 4. Bg2 Bg7 5. e3 Nc6 6. h3 Be6 7. Ne2 Qd7 8. d4
exd4 9. Nxd4 Nf6 10. Nxe6 fxe6 11. Nd2 O-O-O 12. Qe2 Nd5 13. Bxg7 Qxg7 14.
O-O Nc3 15. Qg4 Qf6 16. Bxc6 bxc6 17. Ne4 Nxe4 18. Qxe4 Kd7 19. c4 Qf5 20.
Qxf5 gxf5 21. Rad1 Rhg8 22. Rd4 Rg6 23. Rh4 h6 24. Kg2 Rdg8 25. Rd1 e5 26.
Kf3 c5 27. g4 fxg4+ 28. hxg4 Rf8+ 29. Kg3 e4 30. Rd5 Rf3+ 31. Kg2 Rgf6 32.
Rf5 R3xf5 33. gxf5 Rxf5 34. Rxe4 Rg5+ 1/2-1/2

[Event "EuTCh w"]
[Site "Plovdiv BUL"]
[Date "2003.10.15"]
[Round "5"]
[White "Matveeva,S"]
[Black "Hunt,H"]
[Result "1-0"]
[WhiteElo "2483"]
[BlackElo "2402"]
[EventDate "2003.10.10"]

1. d4 Nf6 2. c4 e6 3. Nc3 Bb4 4. Qc2 O-O 5. a3 Bxc3+ 6. Qxc3 b6 7. Nf3 Ne4
8. Qc2 f5 9. e3 Bb7 10. Bd3 d6 11. O-O Nd7 12. Nd2 Qh4 13. f3 Ng5 14. Rf2
Rf6 15. Nf1 Raf8 16. b4 c5 17. Bb2 e5 18. d5 Rg6 19. Ng3 Rh6 20. Nxf5 Qxh2+
21. Kf1 Rhf6 22. Ke2 e4 23. Bxe4 Nxe4 24. Ne7+ Kf7 25. Qxe4 Ne5 26. Nf5 Re8
27. g4 Qh3 28. Nxd6+ Rxd6 29. Bxe5 Rh6 30. bxc5 bxc5 31. Rb1 Ba6 32. Qf5+
Kg8 33. Qd7 Bxc4+ 34. Kd2 1-0

[Event "EuTCh w"]
[Site "Plovdiv BUL"]
[Date "2003.10.15"]
[Round "5"]
[White "Radziewicz,I"]
[Black "Khurtsidze,N"]
[Result "1/2-1/2"]
[WhiteElo "2423"]
[BlackElo "2418"]
[EventDate "2003.10.10"]

1. c4 e6 2. Nc3 d5 3. d4 Be7 4. cxd5 exd5 5. Bf4 c6 6. e3 Bd6 7. Bxd6 Qxd6
8. Bd3 Ne7 9. Qf3 Nd7 10. O-O-O Nf6 11. h3 h5 12. Qe2 Bf5 13. Nf3 Bxd3 14.
Qxd3 Nd7 15. Kb1 h4 16. e4 O-O-O 17. Rhe1 Nb6 18. exd5 Nexd5 19. Ne5 Nxc3+
20. bxc3 Qf6 21. Ng4 Qg6 22. Qxg6 fxg6 23. Kc2 Nd5 24. Ne5 Rdf8 25. Nxg6
Rxf2+ 26. Rd2 Rxd2+ 27. Kxd2 Rh6 28. Ne5 Nf4 29. Rf1 Rf6 30. Nd3 g5 1/2-1/2

[Event "EuTCh w"]
[Site "Plovdiv BUL"]
[Date "2003.10.15"]
[Round "5"]
[White "Dzagnidze,N"]
[Black "Socko,M"]
[Result "0-1"]
[WhiteElo "2452"]
[BlackElo "2395"]
[EventDate "2003.10.10"]

1. d4 Nf6 2. c4 g6 3. Nc3 Bg7 4. Nf3 d6 5. g3 O-O 6. Bg2 a6 7. O-O Nc6 8.
b3 Rb8 9. Nd5 Bf5 10. Bb2 b5 11. Ne3 Be4 12. Rc1 b4 13. d5 Na5 14. Nd4 Bxg2
15. Kxg2 Qd7 16. Qc2 c5 17. dxc6 Nxc6 18. Nxc6 Qxc6+ 19. Kg1 Rb7 20. Bxf6
Bxf6 21. Rcd1 e6 22. h4 Be7 23. Rd4 f5 24. Rfd1 f4 25. gxf4 e5 26. fxe5
dxe5 27. Rg4 Qf6 28. Rf1 Bc5 29. Qe4 Rbf7 30. Rg2 Qf4 31. Qxf4 exf4 32. Nd5
Re8 33. Rg4 Rxe2 34. Rxf4 Rxa2 35. Kg2 Rb2 36. Nf6+ Kg7 37. Ne8+ Kf8 38.
Nf6 Kg7 39. Ne8+ Kf8 40. Nf6 Be7 41. Nd7+ Kg7 42. Rxf7+ Kxf7 43. Ne5+ Kg8
44. Ra1 Bc5 45. Rxa6 Rxf2+ 46. Kh3 Be7 47. Ra8+ Rf8 48. Ra6 Rf5 49. Nc6 Bf8
50. Nd4 Rf4 51. Ne6 Rf6 52. c5 h5 53. Kg2 g5 54. Nc7 Rxa6 55. Nxa6 Kf7 56.
Nxb4 Bxc5 57. Nd3 Bd4 58. Ne1 g4 59. b4 Kg6 60. b5 Kf5 0-1

[Event "EuTCh w"]
[Site "Plovdiv BUL"]
[Date "2003.10.15"]
[Round "5"]
[White "Paehtz,E"]
[Black "Botvinnik,Ir"]
[Result "1-0"]
[WhiteElo "2419"]
[BlackElo "2249"]
[EventDate "2003.10.10"]

1. e4 c5 2. Nf3 Nc6 3. d4 cxd4 4. Nxd4 Qb6 5. Nb3 Nf6 6. Bd3 e6 7. O-O d6
8. Qe2 Be7 9. Nc3 a6 10. Bd2 Qc7 11. Kh1 b5 12. Rae1 Bb7 13. a4 b4 14. Nd1
O-O 15. f4 e5 16. Ne3 exf4 17. Nf5 Rfe8 18. Qf2 Nh5 19. Be2 Nf6 20. Qxf4
Ne5 21. Qg3 Ng6 22. Bd3 Bf8 23. Bxb4 Nxe4 24. Bxe4 Rxe4 25. c3 Rxe1 26.
Rxe1 Qd7 27. Nbd4 Qxa4 28. Bxd6 Qd7 29. Bxf8 Rxf8 30. h4 h5 31. Re7 Qd5 32.
c4 Qxg2+ 33. Qxg2 Bxg2+ 34. Kxg2 Nxe7 35. Nxe7+ Kh7 36. c5 Re8 37. Nef5 Re5
38. c6 Rc5 39. Nd6 f6 40. b4 Rc3 41. Ne4 Rc4 42. Nc5 Rxd4 43. c7 Rxb4 44.
c8=Q Rxh4 45. Qf5+ Kh6 46. Ne6 Rg4+ 47. Kf2 a5 48. Qxa5 Re4 49. Qd2+ Kg6
50. Nf8+ Kf5 51. Qd3 Ke5 52. Nd7+ 1-0

[Event "EuTCh w"]
[Site "Plovdiv BUL"]
[Date "2003.10.15"]
[Round "5"]
[White "Mamedjarova,Z"]
[Black "Georgieva,Li"]
[Result "0-1"]
[WhiteElo "2345"]
[BlackElo "2252"]
[EventDate "2003.10.10"]

1. e4 c5 2. Nc3 Nc6 3. Nf3 g6 4. d4 cxd4 5. Nxd4 Bg7 6. Be3 d6 7. Qd2 Nf6
8. f3 Bd7 9. O-O-O h5 10. Kb1 a6 11. Nd5 Nxd5 12. exd5 Ne5 13. h3 Qc7 14.
b3 Bf5 15. f4 Nd7 16. Nxf5 gxf5 17. Bd4 Bf6 18. Be2 h4 19. Bf3 Rc8 20. Bxf6
Nxf6 21. Rhe1 Rg8 22. Re3 Kd8 23. Rde1 Re8 24. Qd3 Qd7 25. Kb2 Rc7 26. Qd4
b5 27. R1e2 Rc5 28. c3 Rc7 29. Qb6 Qc8 30. Rxe7 Rexe7 31. Qxd6+ Ke8 32.
Rxe7+ Rxe7 33. Qxf6 Qc5 34. Qxh4 Qe3 35. Qf6 Qd2+ 36. Ka3 Qc1+ 37. Kb4
Qxf4+ 38. Kc5 Qc7+ 39. Qc6+ Kd8 40. Qxc7+ Rxc7+ 41. Kb6 Rxc3 42. Kxa6 b4
43. h4 Rc2 44. h5 Rxa2+ 45. Kb7 Ra1 46. g3 Ra2 47. Kc6 Rb2 48. Kc5 Rxb3 49.
h6 Rb2 50. Bh5 Rh2 51. Bxf7 b3 52. Bg6 Rxh6 53. Bxf5 b2 54. g4 Rh1 55. Kd6
b1=Q 56. Bxb1 Rxb1 57. Ke6 Rg1 58. Kf5 Ke7 59. g5 Rg2 60. Kg6 Rd2 61. Kg7
Rxd5 62. g6 Rg5 0-1

[Event "EuTCh w"]
[Site "Plovdiv BUL"]
[Date "2003.10.15"]
[Round "5"]
[White "Garcia Vicente,N"]
[Black "Kaps,D"]
[Result "1/2-1/2"]
[WhiteElo "2244"]
[BlackElo "2202"]
[EventDate "2003.10.10"]

1. d4 Nf6 2. c4 g6 3. Nc3 Bg7 4. e4 d6 5. Be2 O-O 6. Bg5 c5 7. d5 e6 8. Qd2
exd5 9. exd5 Re8 10. Nf3 Bg4 11. O-O Nbd7 12. h3 Bxf3 13. Bxf3 a6 14. a4
Qe7 15. Rae1 Qf8 16. Bd1 h5 17. a5 Rxe1 18. Rxe1 Ne5 19. b3 Nh7 20. Be3 f5
21. f4 Nd7 22. Bc2 Re8 23. Bf2 Qf7 24. Kf1 Bf6 25. Na4 Bd8 26. b4 Rxe1+ 27.
Qxe1 Qe7 28. Qxe7 Bxe7 29. bxc5 dxc5 30. g4 hxg4 31. hxg4 fxg4 32. Bxg6
Nhf6 33. Kg2 Kg7 34. Bf5 Bd6 35. Be3 Kh6 36. Nb2 b6 37. axb6 Nxb6 38. Bd2
Kh5 39. Kg3 Bc7 40. Bc3 Bxf4+ 41. Kxf4 Nfxd5+ 42. cxd5 Nxd5+ 43. Kg3 Nxc3
44. Bxg4+ Kg5 45. Nc4 a5 46. Bd7 a4 47. Kf3 Kf6 48. Bc6 Ke6 49. Ke3 Nd5+
1/2-1/2

[Event "EuTCh w"]
[Site "Plovdiv BUL"]
[Date "2003.10.15"]
[Round "5"]
[White "Sekulovska,V"]
[Black "Medic,Mir"]
[Result "1/2-1/2"]
[WhiteElo "2130"]
[BlackElo "2271"]
[EventDate "2003.10.10"]

1. d4 e6 2. c4 Nf6 3. Nc3 Bb4 4. Qc2 c5 5. dxc5 O-O 6. a3 Bxc5 7. Nf3 Nc6
8. Bg5 Nd4 9. Nxd4 Bxd4 10. e3 Qa5 11. exd4 Qxg5 12. Qd2 Qxd2+ 13. Kxd2 d6
14. Bd3 Rd8 15. Rhe1 b6 16. f3 Ba6 17. Rac1 Rac8 18. Na4 Kf8 19. Rc2 e5 20.
d5 Rc7 21. b4 g6 22. Rec1 Rdc8 23. h4 Nh5 24. Nb2 Bb7 25. Ke3 f5 26. a4 Nf6
27. Kd2 Re7 28. Re1 e4 29. fxe4 fxe4 30. Be2 e3+ 31. Kd3 Nd7 32. Bf3 a5 33.
bxa5 Nc5+ 34. Kd4 Nb3+ 35. Kd3 Nc5+ 1/2-1/2

[Event "EuTCh w"]
[Site "Plovdiv BUL"]
[Date "2003.10.15"]
[Round "5"]
[White "Cedikova,K"]
[Black "Sirletti,S"]
[Result "1-0"]
[WhiteElo "2201"]
[BlackElo "2071"]
[EventDate "2003.10.10"]

1. d4 Nf6 2. c4 g6 3. Nc3 Bg7 4. e4 d6 5. f3 a6 6. Be3 Nc6 7. Nge2 O-O 8.
Qd2 Rb8 9. h4 b5 10. h5 e5 11. d5 Na5 12. Ng3 bxc4 13. O-O-O Bd7 14. Nb1 c6
15. dxc6 Nxc6 16. hxg6 fxg6 17. Bxc4+ Kh8 18. Qxd6 Qc8 19. Nc3 Qb7 20. Qa3
Nb4 21. Kb1 Rfc8 22. Bb3 Bf8 23. Bg5 Kg7 24. Bh6+ Kh8 25. Bg5 Kg7 26. Bh6+
Kh8 27. Bxf8 Rxf8 28. Qa5 Nxa2 29. Qxa2 Qxb3 30. Nge2 Rfc8 31. Qxb3 Rxb3
32. Rd6 Kg7 33. Rhd1 Bb5 34. Nxb5 axb5 35. Nc1 Rb4 36. Na2 Rbc4 37. R6d2
R8c7 38. Nc1 Rc8 39. Nd3 Re8 40. Rc2 Kf7 41. b3 Rxc2 42. Kxc2 Re7 43. Kd2
Ne8 44. Rc1 Nc7 45. Rc5 1-0

[Event "EuTCh w"]
[Site "Plovdiv BUL"]
[Date "2003.10.15"]
[Round "5"]
[White "Jiretorn,E"]
[Black "Makropoulou,M"]
[Result "0-1"]
[WhiteElo "2136"]
[BlackElo "2240"]
[EventDate "2003.10.10"]

1. d4 g6 2. c4 Bg7 3. Nf3 d6 4. Nc3 c5 5. h3 cxd4 6. Nxd4 Nc6 7. Nxc6 bxc6
8. e4 Nf6 9. Be2 O-O 10. O-O Rb8 11. Rb1 Nd7 12. Be3 Qa5 13. Bd4 Bh6 14.
Qa4 Qxa4 15. Nxa4 c5 16. Bc3 Bb7 17. Bd3 Bc6 18. Bc2 Rb7 19. a3 Bg7 20.
Bxg7 Kxg7 21. Nc3 Rfb8 22. b3 Nf8 23. f4 Ne6 24. Ne2 a5 25. f5 Nf8 26. a4
Nd7 27. g4 Ne5 28. Ng3 f6 29. Ne2 g5 30. Ng3 Be8 31. Kf2 Nc6 32. Ne2 h5 33.
Ke3 hxg4 34. hxg4 Ne5 35. Rg1 Bf7 36. Nc3 Rh8 37. Nd1 Rh3+ 38. Ke2 Nf3 39.
Rg2 Nd4+ 40. Kd2 Nxb3+ 41. Bxb3 Rbxb3 42. Rxb3 Rxb3 43. Ne3 Ra3 44. Rg1
Rxa4 45. Kd3 Ra3+ 46. Kd2 Ra4 47. Kd3 Rb4 48. Ra1 a4 49. Ra3 Kf8 50. Kc3
Ke8 51. Kd3 Kd8 52. Rc3 Rb1 53. Ra3 Be8 54. Kc3 Bc6 55. Kd3 Kc7 56. Nc2
Rd1+ 57. Ke2 Rc1 58. Kd3 Rg1 59. Ne3 Kb6 60. Ra2 Rb1 61. Rh2 Rb3+ 0-1

[Event "EuTCh w"]
[Site "Plovdiv BUL"]
[Date "2003.10.15"]
[Round "5"]
[White "Raeva,E"]
[Black "Mamedjarova,T"]
[Result "1-0"]
[WhiteElo "2174"]
[BlackElo "2227"]
[EventDate "2003.10.10"]

1. d4 c5 2. d5 d6 3. e4 e5 4. Nc3 Be7 5. Nf3 a6 6. a4 f5 7. exf5 Bxf5 8.
Bd3 Bg4 9. h3 Bxf3 10. Qxf3 Nf6 11. O-O Nbd7 12. Qe2 Qc7 13. Bd2 O-O-O 14.
Rfb1 Rdg8 15. b4 cxb4 16. Rxb4 Nc5 17. Rab1 Kd7 18. Bf5+ Ke8 19. Qc4 Bd8
20. Be3 g6 21. Bd3 Nfd7 22. Ne4 a5 23. Rxb7 Nxb7 24. Rxb7 Qxc4 25. Bxc4 Be7
26. Bb5 Kf7 27. Rxd7 Rd8 28. Nxd6+ Kf6 29. Ne4+ Kf7 30. Rxe7+ Kxe7 31. Bg5+
Kf7 32. Bxd8 Rxd8 33. c4 h6 34. d6 Rb8 35. c5 Ke6 36. c6 1-0

[Event "EuTCh w"]
[Site "Plovdiv BUL"]
[Date "2003.10.15"]
[Round "5"]
[White "Krivec,J"]
[Black "Calzetta,M"]
[Result "0-1"]
[WhiteElo "2313"]
[BlackElo "2274"]
[EventDate "2003.10.10"]

1. e4 c5 2. Nf3 d6 3. d4 cxd4 4. Nxd4 Nf6 5. Nc3 g6 6. Be2 Bg7 7. O-O Nc6
8. Nb3 O-O 9. Bg5 Rb8 10. f4 b5 11. Bf3 b4 12. Nd5 Nxd5 13. exd5 Na5 14.
Bxe7 Qxe7 15. Nxa5 Bxb2 16. Rb1 Bc3 17. Nc6 Qe3+ 18. Kh1 Rb7 19. Bg4 Bxg4
20. Qxg4 Qe4 21. Qd1 Re8 22. Rf3 Rb5 23. Rd3 Rc5 24. Nxa7 Qxf4 25. Qg1 Re2
26. Rf3 Qe4 27. Qf1 f5 28. Nc6 Rxc2 29. Qa6 Bg7 30. Rd1 Rxg2 31. Kxg2 Rc2+
32. Kg1 Qg4+ 33. Kf1 Qxf3+ 0-1

[Event "EuTCh w"]
[Site "Plovdiv BUL"]
[Date "2003.10.15"]
[Round "5"]
[White "Sedina,E"]
[Black "Sikorova,O"]
[Result "1-0"]
[WhiteElo "2394"]
[BlackElo "2241"]
[EventDate "2003.10.10"]

1. e4 d5 2. exd5 Nf6 3. d4 Nxd5 4. Nf3 Bg4 5. Be2 e6 6. O-O Nc6 7. c4 Nb6
8. b3 Be7 9. Be3 Bf6 10. Nc3 Bxf3 11. Bxf3 Nxd4 12. Bxb7 Rb8 13. Be4 c5 14.
Qh5 Qe7 15. Rad1 g6 16. Qh6 Rc8 17. Nb5 e5 18. Rfe1 a6 19. Nxd4 exd4 20.
Bxd4 Bxd4 21. Bb7 Rc7 22. Rxe7+ Rxe7 23. Bc6+ Kd8 24. Qg5 Nd7 25. Bxd7 Kxd7
26. g3 Rd8 27. Kf1 Ke8 28. b4 cxb4 29. Qa5 Red7 30. Qxa6 Rb8 31. Qc6 Rb6
32. Qa4 Kd8 33. c5 Rf6 34. f4 g5 35. c6 Rdd6 36. Qa8+ Ke7 37. c7 gxf4 38.
g4 Bb6 39. c8=N+ 1-0

[Event "EuTCh w"]
[Site "Plovdiv BUL"]
[Date "2003.10.15"]
[Round "5"]
[White "Turauskiene,R"]
[Black "Gara,A"]
[Result "0-1"]
[WhiteElo "2218"]
[BlackElo "2356"]
[EventDate "2003.10.10"]

1. d4 f5 2. g3 Nf6 3. Bg2 g6 4. Nh3 d6 5. c3 c6 6. Qb3 e5 7. dxe5 dxe5 8.
O-O Qe7 9. Bg5 Bg7 10. e4 Be6 11. Qc2 O-O 12. f3 fxe4 13. Qxe4 Nbd7 14. Qh4
Qc5+ 15. Nf2 e4 16. Nd2 e3 17. Nfe4 Qb6 18. Nc4 Bxc4 19. Nxf6+ Nxf6 20.
Qxc4+ Nd5 21. Qb3 Qxb3 22. axb3 h6 23. Bf4 Nxf4 24. gxf4 Rxf4 25. Rfe1 Bf8
26. b4 c5 27. Rxe3 cxb4 28. Kf1 Rh4 29. cxb4 Bxb4 30. Rd3 a5 31. Rc1 Re8
32. Rd7 Re7 33. Rxe7 Bxe7 34. Rc7 Bb4 35. Rxb7 Rxh2 36. Kg1 Rh4 37. Bf1 Rd4
38. b3 g5 39. Bc4+ Kf8 40. Kg2 Rf4 41. Bd5 h5 42. Rh7 h4 43. Be4 Be7 44.
Bd5 Rd4 45. Be6 Rd1 46. Rf7+ Ke8 47. Rf5 Ra1 48. Rb5 Bd8 49. Rb7 Re1 50.
Bf7+ Kf8 51. Bc4 Be7 52. Rb5 Bd8 53. Rb7 Ra1 54. Rf7+ Ke8 55. Rb7 Bf6 56.
Bf7+ Kf8 57. Bc4 Bd4 58. Kh3 Rg1 59. Rb5 Be3 60. Kh2 Rg3 61. Bd5 Bf4 62.
Kh1 Bd2 63. Rb7 Be3 64. Rb5 Rg1+ 65. Kh2 Ra1 66. Rb7 Bf4+ 67. Kg2 Ke8 68.
Bf7+ Kd8 69. Bd5 Ra2+ 70. Kh3 Rh2+ 71. Kg4 Rg2+ 72. Kh3 Rg3+ 73. Kh2 Rxf3+
74. Kh1 Rd3 75. Bc4 Rd1+ 76. Kg2 g4 0-1

[Event "EuTCh w"]
[Site "Plovdiv BUL"]
[Date "2003.10.15"]
[Round "5"]
[White "Milliet,S"]
[Black "Vasilevich,T"]
[Result "1-0"]
[WhiteElo "2326"]
[BlackElo "2425"]
[EventDate "2003.10.10"]

1. e4 c5 2. c3 d5 3. exd5 Qxd5 4. d4 Nf6 5. Nf3 Bg4 6. Be2 e6 7. O-O Nc6 8.
h3 Bh5 9. Be3 cxd4 10. cxd4 Be7 11. Nc3 Qd6 12. a3 O-O 13. Qb3 Rac8 14.
Rfd1 Rfd8 15. Rac1 Qb8 16. d5 Nxd5 17. Nxd5 exd5 18. Rxd5 Rxd5 19. Qxd5 Bg6
20. b4 Rd8 21. Qb3 Bd6 22. b5 Ne7 23. Qa4 b6 24. Nd4 Be4 25. Nc6 Nxc6 26.
bxc6 Bd5 27. Bc4 Bxc4 28. Qxc4 Qc7 29. a4 h6 30. Qg4 Kh8 31. Bd4 f6 32. g3
Ba3 33. Rc4 Bd6 34. Qg6 Bc5 35. Bxf6 Rd1+ 36. Kh2 Bxf2 37. Qxh6+ Kg8 38.
Qxg7+ Qxg7 39. Bxg7 Rd8 40. c7 Rc8 41. Be5 Bc5 42. Rh4 Bf8 43. Rh8+ Kf7 44.
Bd6 1-0